| 000 | 01082nam a22002777a 4500 | ||
|---|---|---|---|
| 001 | 7946 | ||
| 003 | FISKH | ||
| 005 | 20250814142310.0 | ||
| 008 | 250814b cb ||||| |||| 00| 0 eng d | ||
| 020 | _a076645060075 | ||
| 040 |
_aFISKH _beng _cFISKH _dFISKH |
||
| 050 | _aLB1525.6 | ||
| 082 | _a372.4 | ||
| 100 | _aGregorich, Barbara | ||
| 245 |
_aBeep, Beep! _cWritten by Barbara Gregorich ; Illustrated by Ed Taber |
||
| 260 |
_aMichigan : _bSchool Zone, _c1819. |
||
| 300 |
_a16 pages : _bcolor illustrations ; _c23 cm |
||
| 505 | _aE | ||
| 520 | _aSchool Zone Start to Read! Books present beginning readers with a variety of captivating stories told through rhyme, rhythm, and repetition for easy reading. Each book builds children's reading vocabulary and features an exciting or amusing plot with beautiful illustrations that support and extend the text. | ||
| 521 | 8 |
_a170
_bLexile estimate |
|
| 521 | 8 |
_aE
_bRaz-Plus |
|
| 650 |
_aEasy Reader _vRhyming _xI Can Read Book |
||
| 700 |
_aTaber, Ed _eillustrator |
||
| 942 |
_2ddc _cBK _n0 |
||
| 999 |
_c7946 _d7946 |
||